| 000 | 00704cam a2200229 4500500 | ||
|---|---|---|---|
| 005 | 20260405002654.0 | ||
| 041 | _afre | ||
| 042 | _adc | ||
| 100 | 1 | 0 |
_ade Oliveira, Victorine _eauthor |
| 245 | 0 | 0 | _aIsabelle Sorente: “Marc Aurèle, un ami exceptionnel qui m’accompagne partout” |
| 260 | _c2018. | ||
| 500 | _a99 | ||
| 690 | _aCrise | ||
| 690 | _aExistence | ||
| 690 | _aIsabelle Sorente | ||
| 690 | _aMarc Aurèle | ||
| 690 | _aRome | ||
| 690 | _aStoïcien | ||
| 690 | _aStoïcisme | ||
| 786 | 0 | _nPhilosophie magazine | 118 | 4 | 2018-04-01 | p. 41-42 | 1951-1787 | |
| 856 | 4 | 1 | _uhttps://shs.cairn.info/magazine-philosophie-magazine-2018-4-page-41?lang=fr&redirect-ssocas=7080 |
| 999 |
_c2059958 _d2059958 |
||